书目信息 |
| 题名: |
金匮心释
|
|
| 作者: | 王渭川 著 | |
| 分册: | ||
| 出版信息: | 成都 四川人民出版社 1982 |
|
| 页数: | 256页 | |
| 开本: | 21cm | |
| 丛书名: | ||
| 单 册: | ||
| 中图分类: | R222.32 | |
| 科图分类: | ||
| 主题词: | ||
| 电子资源: | ||
| ISBN: | 14118.61 | |
| 000 | 00597nam0 2200229 450 | |
| 001 | 0182005645 | |
| 005 | 20100712220243.0 | |
| 010 | @a14118.61@dCNY0.90 | |
| 091 | @a14118.61 | |
| 100 | @a19950630d1982 em y0chiy0110 ea | |
| 101 | 0 | @achi |
| 102 | @aCN@b510000 | |
| 105 | @ay z 000yy | |
| 106 | @ar | |
| 200 | 1 | @a金匮心释@9Jin Kui Xin Shi @f王渭川著 |
| 210 | @a成都@c四川人民出版社@d1982 | |
| 215 | @a256页@d21cm | |
| 605 | @a金匮要略方论@x注释 | |
| 690 | @aR222.32@v3 | |
| 701 | 0 | @a王渭川@9wang wei chuan@4著 |
| 801 | 0 | @aCN@b91MARC@c20130904 |
| 905 | @aBZT@dR222.32@e2@f3@sR222.32/2 | |
| 金匮心释/王渭川著.-成都:四川人民出版社,1982 |
| 256页;21cm |
| ISBN 14118.61:CNY0.90 |
| ● |
| 相关链接 |
|
|
|
正题名:金匮心释
索取号:R222.32/2
 
预约/预借
| 序号 | 登录号 | 条形码 | 馆藏地/架位号 | 状态 | 备注 |
| 1 | 2000043410 | 2000043410 | 旧书回溯/ [索取号:R222.32/2] | 在馆 | |
| 2 | 2000043411 | 2000043411 | 旧书回溯/ [索取号:R222.32/2] | 在馆 | |
| 3 | 2000043412 | 2000043412 | 旧书回溯/ [索取号:R222.32/2] | 在馆 |